01438nam a2200289 a 450000100100000000500170001000800410002704000250006808200180009310000480011124501140015926000350027330000280030850000640033650400270040059000250042765000340045265000390048665000280052570000470055391000370060095201300063795201300076795201150089795201210101299900150113300000783820200929154321.0090911s1983 dr a 001 0 spa d aDO-SdBNPbspacBNPHU a623.89bR896m1 aRubio, Sócrates Valentín,d1952-92157810aMarinería básica y primeros auxilios /cSócrates Valentín Rubio ; prólogo Gilberto Odalís Fiallo. aSanto Domingo :bLa Fe,c1983. a159 p. :bil. ;c23 cm. aIncluye datos biográficos del autor en la contracubierta. aBibliografía: p.159. aInventariado,2018/DG 4aNavegaciónxManuales921579 4aManiobras navalesxManuales921580 4aPrimeros auxilios923451 aFiallo, Gilberto Odalís,epról.921581 aValidado. Control de calidad EMS 001054708DSaGRbGRcHDd2010-03-10iLF1l0o623.89 R896mp7838-40r2020-06-25te. 3w2020-06-25yLFDSZPréstamo en sala 001054708DSaGRbGRcHDd2010-03-10iLF1l0o623.89 R896mp7838-50r2020-06-25te. 4w2020-06-25yLFDSZPréstamo en sala 0010718PDaPDbPDcHDd2009-10-01iLF1l0o623.89 R896mp7838-10r2020-06-25w2020-06-25yLFPDZNo se presta 0010718PDaPDbPDcHDd2009-10-01iLF1l0o623.89 R896mp7838-20r2020-06-25te. 2w2020-06-25yLFPDZNo se presta c7616d7616